00748pam a2200241 a 4500001000800000005001700008008004100025010001700066020001500083040002300098041000800121060001700129080001500146082001900161100000600180101000800186245006800194504005100262906004500313942001200358999001700370952011900387201623420180813085013.0911105s1992 mdua b 001 0 eng c a 91039939  a0683073192 aDNLM/DLCcDLCdDLC aeng aWS 366 T3555 a618.92002800a618.920028220 a8 aped00aTextbook of pediatric intensive care /ceditor, Mark C. Rogers. aIncludes bibliographical references and index. a7bcbccorignewd1eocipf19gy-gencatlg 2ddccBK c47061d47061 00102lcc40708PËKGa002b002cPËKGd2018-08-13l0o618.920028 ROGp002-3010918r2018-08-13w2018-08-13yBK